000 00662nam a2200193 i 4500
001 185380
003 ES-MaACL
005 20230906222422.0
008 160526s1965 sp |||| | spa d
100 1 _aMisser, Salvador.
_981659
245 1 0 _aApostasía :
_bproblema y misterio /
_cSalvador Misser Vallés.
260 _aMadrid :
_bZyx,
_c[1965]
300 _a128 p. ;
_c21 cm.
490 1 _aColección "Movimiento Sacerdotal". Sección: Cura de Ars ;
_v3
650 4 _aApostasía-
_xIglesia Católica.
_9159670
830 0 _aColección "Movimiento Sacerdotal". Sección: Cura de Ars ;
_v3
_9225195
852 _aES-MaACL
_jC-29385
999 _c185380
_d185380